| 000 | 00888nam a2200217Ii 4500 | ||
|---|---|---|---|
| 003 | JO-AjNU | ||
| 008 | 230605s9999||||xx |||||||||||||| ||und|| | ||
| 017 | _a1992/4/430 | ||
| 040 |
_aJO-AjNU _bara _erda _cJO-AjNU |
||
| 041 | _aara | ||
| 050 | 1 | 4 | _aLB1028.A92 1992 |
| 100 | 3 |
_aعودة،أحمد سليمان مؤلف/ملكاوي،فتحي حسن م مشارك, _eauthor _910196 |
|
| 245 | 0 | 0 | _aأساسيات البحث العلمي في التربية والعلوم الإنسانية:عناصر البحث ومناهجه والتحليل الإحصائي لبياناته |
| 250 | _aط2 | ||
| 264 | 3 | 1 | _aإربد:مكتبة الكتاني،1992 |
| 300 |
_a398ص _bملحق:ص(355-398) |
||
| 336 |
_atext _btxt _2rdacontent |
||
| 337 |
_aunmediated _bn _2rdamedia |
||
| 338 |
_avolume _bnc _2rdacarrier |
||
| 650 | 4 |
_aعلوم اجتماعية-طرق بحث-بحث علمي _910197 |
|
| 999 |
_aA1684 _c5252 _d5252 |
||